| 000 | 00519nam a2200181Ia 4500 | ||
|---|---|---|---|
| 008 | 090123s9999 xx 000 0 und d | ||
| 082 |
_b39169 _a891.463/पेठे |
||
| 100 | _aपेठे मेघना | ||
| 245 | _aनातिचरामी | ||
| 250 | _a2 | ||
| 260 |
_bराजहंस _c2005 |
||
| 300 | _a335 | ||
| 600 | _aपेठे मेघना | ||
| 630 | _aनातिचरामी | ||
| 700 | _aपेठे मेघना | ||
| 730 | _aनातिचरामी | ||
| 942 | _cBOOK | ||
| 999 |
_c77234 _d77234 |
||